00530nam a2200169 a 4500008004100000020002200041100002500063245008800088260003700176300003400213504004100247500002000288650002500308003000100333005001700334040000900351  a0080418783 (pbk.)1 aGhosh, Santi Kumar.10aStructural geology :bfundamentals and modern developments /cby Santi Kumar Ghosh. aOxford :bPergamon Press,c1993. axvi, 598 p. :bill. ;c23 cm. aIncludes bibliographical references. aIncludes index. 0aGeology, Structural.20251216193452.0 cNUST